| 000 | 01083 a2200169 4500 | ||
|---|---|---|---|
| 003 | Nust | ||
| 005 | 20230403121307.0 | ||
| 040 | _cNust | ||
| 082 | _a920,DIC | ||
| 100 |
_aDickens, Charles _9386 |
||
| 245 |
_aThe Personal History : _bDavid Copperfield / _cCharles Dickens |
||
| 260 |
_aLondon _bOdhams Press |
||
| 300 | _a704:p | ||
| 505 | _aI am Born (Page-15), I Have a Change (Page-37), I am Sent Away from Home (Page-68), My First Half at Salem House (Page-89), I Have A Memorable Birthday (Page-117) Liking Life on My ---(Page-157) I Make Another Beginning (Page-197) Somebody (Page-223), Steerforths Home (Page-260), Some Old Scenes (Page-284), Good and Bad Angels,(Page-322), A Loss (Page-335), Blissful (Page-415), Enthusiasm (Page-454), The Wanderer (Page-507), Mischief (Page-530), Intelligence (Page-582), Domestic (Page-602), I am Involved in Mystery (Page-622), The Beginning of a Longer Journey (Page-630), Tempest (Page-685), Absence (Page-709), Agnes (Page-728), A visitor (Page-755), A Last Retrospect (Page-761). | ||
| 650 |
_aBiography _9461 |
||
| 942 |
_2ddc _cBK |
||
| 999 |
_c187022 _d187022 |
||